00584nam a2200169Ia 4500003000900000008004100009040001600050080003100066110003300097245012600130260005000256300000900306500002800315650003200343650001800375650002100393IN-BaIIA211028s9999 xx 000 0 eng d cIIA Library a083.7:001.4:69.057.52bISI aIndian Standards Institution 0aIndian standard glossary of terms relating to cement concretebpt. 5, formwork for concretecIndian Standards Institution aNew DelhibIndian Standards Institutionc1972 a27p. aIS 6461 : Part 5 : 1972 a Cement Concrete-Standards a Standards  aNASA Thesaurus